[Event "ICS rated blitz match"]
[Site "204.178.125.65"]
[Date "2000.05.05"]
[Round "?"]
[White "PostModernist"]
[Black "Hossa"]
[Result "1-0"]
[WhiteElo "2623"]
[BlackElo "2559"]
[PlyCount "115"]
[EventDate "2000.??.??"]

1. d4 d5 2. Nf3 Nf6 3. e3 e6 4. Bd3 c5 5. c3 Be7 6. Nbd2 Nc6 7. O-O O-O 8. dxc5
Bxc5 9. e4 Bb6 10. exd5 exd5 11. Nb3 Bg4 12. Bg5 h6 13. Bxf6 Qxf6 14. Be2 Rfe8
15. Re1 Qf4 16. Qxd5 Rad8 17. Qc4 Qxc4 18. Bxc4 Rxe1+ 19. Rxe1 Bxf3 20. gxf3
Bc7 21. Nc5 Ne5 22. Be2 b6 23. Na6 Bd6 24. f4 Ng6 25. f5 Nf4 26. Bf1 Kh7 27.
Bc4 Kg8 28. Rd1 Be7 29. Rxd8+ Bxd8 30. Nb8 Bc7 31. Nc6 a5 32. a4 Nh3+ 33. Kg2
Nf4+ 34. Kf3 Nh5 35. h4 Nf6 36. b4 Nd7 37. Ke4 Nf6+ 38. Kd4 Ng4 39. f3 Nf2 40.
Bd5 axb4 41. cxb4 Bg3 42. a5 bxa5 43. bxa5 Bxh4 44. a6 Nh3 45. Kc4 Bf2 46. Nd4
Bxd4 47. Kxd4 Nf4 48. a7 Nxd5 49. a8=Q+ Kh7 50. Qxd5 Kg8 51. Qa8+ Kh7 52. Qe8
f6 53. Kd5 h5 54. Qxh5+ Kg8 55. Ke6 g6 56. fxg6 Kg7 57. Qh7+ Kf8 58. Qf7# {
Hossa checkmated} 1-0

[Event "ICS rated blitz match"]
[Site "204.178.125.65"]
[Date "2000.05.05"]
[Round "?"]
[White "Hossa"]
[Black "cfd"]
[Result "1-0"]
[WhiteElo "2546"]
[BlackElo "2198"]
[PlyCount "74"]
[EventDate "2000.??.??"]

1. e4 d6 2. d4 e5 3. Nf3 Nd7 4. Nc3 Be7 5. Bb5 c6 6. Be2 Ngf6 7. O-O O-O 8.
dxe5 dxe5 9. a3 Qc7 10. Bd2 Re8 11. Bc4 Nb6 12. Bb3 Bg4 13. Qe2 Nbd7 14. Bg5 h6
15. Bh4 Nc5 16. Bc4 b5 17. b4 Ne6 18. Bxe6 Bxe6 19. Bxf6 Bxf6 20. Rfd1 Red8 21.
Rxd8+ Rxd8 22. a4 Bc4 23. Qe3 Qe7 24. axb5 cxb5 25. Rxa7 Qxb4 26. Qe1 Qb2 27.
Rc7 Qxc2 28. Nd5 Bxd5 29. Rxc2 Bc4 30. Qa1 g5 31. Rd2 Rc8 32. h3 b4 33. Nxe5 b3
34. Rd6 Be6 35. Rb6 Rc5 36. Rxe6 fxe6 37. Qa8+ Kg7 {cfd resigns} 1-0

[Event "ICS rated blitz match"]
[Site "204.178.125.65"]
[Date "2000.05.05"]
[Round "?"]
[White "QueenMaxima"]
[Black "Hossa"]
[Result "0-1"]
[WhiteElo "2420"]
[BlackElo "2550"]
[PlyCount "128"]
[EventDate "2000.??.??"]

1. e4 e5 2. Nf3 Nc6 3. Bb5 a6 4. Ba4 Nf6 5. O-O Be7 6. Re1 b5 7. Bb3 d6 8. c3
O-O 9. h3 Bb7 10. d4 Re8 11. Nbd2 Bf8 12. a3 h6 13. Bc2 Nb8 14. b4 Nbd7 15. Bb2
g6 16. Qb1 Bg7 17. Nb3 Rb8 18. Na5 Ba8 19. d5 Nb6 20. Bc1 Re7 21. Be3 Qf8 22.
Qb3 Qd8 23. c4 bxc4 24. Nxc4 Qd7 25. Rac1 Nxc4 26. Qxc4 c6 27. Qxa6 cxd5 28.
exd5 Nxd5 29. Bd2 Qd8 30. Kh2 Rc7 31. Bb3 Rxc1 32. Rxc1 e4 33. Ne1 Be5+ 34. Kg1
Nf4 35. a4 d5 36. Rc5 Ne6 37. Rc1 Bf4 38. Be3 Bg5 39. b5 Nd4 40. Bxg5 hxg5 41.
Bd1 Rb7 42. Bg4 f5 43. Qxg6+ Rg7 44. Qa6 Bb7 45. Qa7 fxg4 46. Qxd4 gxh3 47. b6
h2+ 48. Kxh2 Rh7+ 49. Kg1 Qd6 50. g3 Qh6 51. Rc8+ Bxc8 52. Qxd5+ Be6 53. Qa8+
Kf7 54. Qxe4 Qh2+ 55. Kf1 Qh1+ 56. Qxh1 Rxh1+ 57. Ke2 g4 58. Kd2 Bc8 59. Nd3
Rb1 60. a5 Rb5 61. Kc3 Ke7 62. Nb4 Kd6 63. a6 Rxb6 64. a7 Bb7 {
QueenMaxima resigns} 0-1

[Event "ICS rated blitz match"]
[Site "204.178.125.65"]
[Date "2000.05.05"]
[Round "?"]
[White "Hossa"]
[Black "BoeserOnkel"]
[Result "0-1"]
[WhiteElo "2560"]
[BlackElo "2781"]
[PlyCount "88"]
[EventDate "2000.??.??"]

1. e4 e5 2. Nf3 Nf6 3. Nxe5 d6 4. Nf3 Nxe4 5. d4 d5 6. Bd3 Be7 7. O-O Nc6 8. c4
Nb4 9. Be2 O-O 10. a3 Nc6 11. cxd5 Qxd5 12. Nc3 Nxc3 13. bxc3 Bf5 14. Re1 Rae8
15. c4 Qe4 16. Be3 Bf6 17. Ra2 a5 18. d5 Ne5 19. Nd2 Qh4 20. Qb3 Bc8 21. Qb5 b6
22. c5 Bd7 23. Qa6 Ra8 24. Qb7 bxc5 25. Qxc7 Rfc8 26. Qd6 Bg4 27. g3 Qh5 28.
Ne4 Bxe2 29. Nxf6+ gxf6 30. Rexe2 Rd8 31. Qxc5 Rxd5 32. Qc2 Qh3 33. f4 Nf3+ 34.
Kf2 Nxh2 35. Ra1 Ng4+ 36. Kf3 Rad8 37. Qc7 Qh5 38. Qxd8+ Rxd8 39. Rae1 Qd5+ 40.
Kxg4 f5+ 41. Kh4 Qf3 42. Kh3 Rd6 43. Kh2 Rh6+ 44. Kg1 Rh1# {Hossa checkmated}
0-1

[Event "ICS rated standard match"]
[Site "204.178.125.65"]
[Date "2000.05.05"]
[Round "?"]
[White "Hossa"]
[Black "Bootemout"]
[Result "1-0"]
[WhiteElo "2357"]
[BlackElo "2008"]
[PlyCount "77"]
[EventDate "2000.??.??"]

1. e4 e6 2. d4 d5 3. Nc3 Bb4 4. e5 Ne7 5. a3 Bxc3+ 6. bxc3 c5 7. a4 Nbc6 8. Nf3
c4 9. Be2 O-O 10. O-O Bd7 11. Kh1 Kh8 12. Bg5 Qa5 13. Qb1 Rab8 14. Qb2 Nf5 15.
Rab1 h6 16. Bc1 Nfe7 17. Qa3 Rfc8 18. Rb5 Qd8 19. Bd2 Na5 20. Rxa5 Qxa5 21.
Qxe7 Be8 22. Qf8+ Kh7 23. Rb1 Rc7 24. Ra1 Rbc8 25. Qa3 Rc6 26. Kg1 Ra6 27. Qf8
Qc7 28. Qb4 b5 29. a5 Rb8 30. Qa3 Rc6 31. Qf8 a6 32. Bf4 Rc8 33. Bg3 Qd7 34.
Kf1 R6c7 35. Bh4 Rb7 36. Bf6 gxf6 37. exf6 Kg6 38. Qg7+ Kf5 39. Nh4+ {
Bootemout resigns} 1-0

[Event "ICS rated blitz match"]
[Site "204.178.125.65"]
[Date "2000.05.05"]
[Round "?"]
[White "PostModernist"]
[Black "Hossa"]
[Result "1-0"]
[WhiteElo "2650"]
[BlackElo "2562"]
[PlyCount "163"]
[EventDate "2000.??.??"]

1. d4 Nf6 2. c4 e6 3. g3 c5 4. Nf3 cxd4 5. Nxd4 d5 6. Bg2 dxc4 7. O-O Nbd7 8.
Qa4 Be7 9. Nc3 O-O 10. Qxc4 Ne5 11. Qa4 Bc5 12. Nb3 Be7 13. Rd1 Bd7 14. Qa5 Nc6
15. Qb5 Qc8 16. Bg5 Rd8 17. Rac1 h6 18. Be3 Nd4 19. Qxb7 Qxb7 20. Bxb7 Nxb3 21.
axb3 Rab8 22. Ba6 Rxb3 23. Rd2 Ra8 24. Na2 Nd5 25. Bd4 Rbb8 26. e4 Nb4 27. Rc7
Nxa6 28. Rxd7 Bc5 29. Be5 Rc8 30. Kg2 Nb4 31. Nxb4 Bxb4 32. Rd1 a5 33. Bd4 Rd8
34. Bb6 Rxd7 35. Rxd7 h5 36. h3 Rb8 37. Bd4 Re8 38. g4 e5 39. Bb6 hxg4 40. hxg4
f6 41. g5 Ra8 42. gxf6 gxf6 43. Bd8 Ra6 44. b3 Bf8 45. Rb7 Bh6 46. Kf3 Bd2 47.
Kg4 Bg5 48. Kf5 Kf8 49. Rb6 Rxb6 50. Bxb6 Ke7 51. Bxa5 Bc1 52. Bc3 Kf7 53. b4
Ba3 54. b5 Bc5 55. Ba5 Ke7 56. f3 Ba3 57. Bc7 Kd7 58. b6 Be7 59. f4 exf4 60.
Bxf4 Kc6 61. Bc7 Kd7 62. Kg6 Kc6 63. Kf7 Bb4 64. Kxf6 Ba3 65. e5 Bb2 66. Kf5
Ba3 67. Kg6 Bc1 68. e6 Ba3 69. Kf7 Kb7 70. Be5 Bc1 71. e7 Be3 72. e8=Q Bg5 73.
Bc7 Bf4 74. Qe4+ Ka6 75. Qa4+ Kb7 76. Qxf4 Kc6 77. Qe5 Kb7 78. Qe4+ Ka6 79.
Qa4+ Kb7 80. Qb5 Kc8 81. b7+ Kxc7 82. b8=Q# {Hossa checkmated} 1-0

[Event "ICS rated blitz match"]
[Site "204.178.125.65"]
[Date "2000.05.05"]
[Round "?"]
[White "Hossa"]
[Black "cfd"]
[Result "1/2-1/2"]
[WhiteElo "2550"]
[BlackElo "2200"]
[PlyCount "87"]
[EventDate "2000.??.??"]

1. e4 d6 2. d4 e5 3. Nf3 Nd7 4. Nc3 Be7 5. Bb5 c6 6. Be2 Ngf6 7. O-O O-O 8.
dxe5 dxe5 9. a3 Qc7 10. Bd2 Nc5 11. Ng5 h6 12. b4 hxg5 13. bxc5 Nd7 14. Qc1
Nxc5 15. Bxg5 Bxg5 16. Qxg5 Be6 17. Rad1 Rfd8 18. Qh5 f6 19. Rxd8+ Rxd8 20. Rd1
Rxd1+ 21. Bxd1 Qd7 22. Be2 Bf7 23. Qg4 Qxg4 24. Bxg4 Be6 25. Be2 Kf7 26. h4 Ke7
27. g4 b5 28. g5 a5 29. gxf6+ Kxf6 30. Bf3 Bc4 31. Nd1 b4 32. axb4 axb4 33. Ne3
Be6 34. h5 Kg5 35. Kf1 Kf4 36. Ke2 Na4 37. Ng2+ Kg5 38. Ne3 Kf4 39. Ng2+ Kg5
40. Ne3 Kf4 41. Ng2+ Kg5 42. Ne3 Kf4 43. Ng2+ Kg5 44. Ne3 1/2-1/2

[Event "ICS rated standard match"]
[Site "204.178.125.65"]
[Date "2000.05.05"]
[Round "?"]
[White "Hossa"]
[Black "chuda"]
[Result "0-1"]
[WhiteElo "2366"]
[BlackElo "2107"]
[PlyCount "142"]
[EventDate "2000.??.??"]

1. e4 d5 2. exd5 Nf6 3. d4 Bg4 4. Nf3 Qxd5 5. Nc3 Qh5 6. Bf4 Nc6 7. Bxc7 e5 8.
dxe5 Nd7 9. Bb5 Ndxe5 10. Bxe5 Bxf3 11. Qxf3 Qxe5+ 12. Kf1 O-O-O 13. Bxc6 bxc6
14. Qxc6+ Qc7 15. Qa8+ Qb8 16. Qxb8+ Kxb8 17. Re1 Bb4 18. Re5 Bxc3 19. bxc3 Rd2
20. Re2 Rd1+ 21. Re1 Rd2 22. Rb1+ Kc7 23. g3 Rxc2 24. Kg2 Rd8 25. a4 Rdd2 26.
Rhf1 Ra2 27. Rb4 Rdc2 28. Rf4 f6 29. Re1 Kd7 30. Rd1+ Ke6 31. Rdd4 f5 32. Rf3
g6 33. h3 a5 34. h4 Ke5 35. Rc4 Kd5 36. Rcf4 Re2 37. Rd3+ Ke5 38. Rd7 Re4 39.
Rxe4+ fxe4 40. Rxh7 Rxa4 41. h5 gxh5 42. Rxh5+ Kf6 43. c4 Ra2 44. Kf1 a4 45.
Ra5 Ke6 46. g4 Kf6 47. g5+ Kg6 48. Ke1 a3 49. Kf1 Kh5 50. Kg1 Kg6 51. Kg2 e3
52. Kg3 e2 53. Ra6+ Kxg5 54. f4+ Kf5 55. Kf2 Ra1 56. Kxe2 a2 57. Kd2 Rf1 58. c5
a1=Q 59. Rd6 Qa5+ 60. Kd3 Qxc5 61. Rd8 Rxf4 62. Re8 Qb5+ 63. Kd2 Qxe8 64. Kd3
Rf3+ 65. Kc4 Rf4+ 66. Kd3 Re4 67. Kc3 Qd7 68. Kb3 Re8 69. Kc3 Rc8+ 70. Kb4 Qb7+
71. Ka5 Ra8# {Hossa checkmated} 0-1

[Event "ICS rated standard match"]
[Site "204.178.125.65"]
[Date "2000.05.05"]
[Round "?"]
[White "chuda"]
[Black "Hossa"]
[Result "0-1"]
[WhiteElo "2133"]
[BlackElo "2340"]
[PlyCount "44"]
[EventDate "2000.??.??"]

1. e4 d5 2. exd5 Nf6 3. Bb5+ Bd7 4. Be2 Nxd5 5. Nf3 Nf4 6. d4 Nxg2+ 7. Kf1 Bh3
8. Kg1 Qd5 9. Qd3 Nc6 10. Bf1 Nh4 11. Nxh4 Bxf1 12. Qxf1 Qh5 13. d5 Nd4 14. Qd3
Qxh4 15. f4 c5 16. dxc6 Nxc6 17. Be3 Rd8 18. Qe2 Nd4 19. Bxd4 Rxd4 20. Nd2 Rxf4
21. Qb5+ Kd8 22. Nf3 Qg4+ 0-1

[Event "ICS rated blitz match"]
[Site "204.178.125.65"]
[Date "2000.05.05"]
[Round "?"]
[White "Bongo"]
[Black "Hossa"]
[Result "0-1"]
[WhiteElo "2161"]
[BlackElo "2538"]
[PlyCount "26"]
[EventDate "2000.??.??"]

1. e4 d5 2. exd5 Nf6 3. d4 Bg4 4. f3 Bf5 5. c4 b5 6. cxb5 Nxd5 7. Ne2 Nb4 8.
Na3 Nd3+ 9. Kd2 Nf2 10. Qe1 Nxh1 11. g4 Bg6 12. Bg2 e5 13. f4 Bb4+ 0-1

[Event "ICS rated blitz match"]
[Site "204.178.125.65"]
[Date "2000.05.05"]
[Round "?"]
[White "Hossa"]
[Black "Bongo"]
[Result "1-0"]
[WhiteElo "2541"]
[BlackElo "2158"]
[PlyCount "39"]
[EventDate "2000.??.??"]

1. c4 e5 2. Nc3 Nc6 3. Nf3 g6 4. d4 exd4 5. Nxd4 Bg7 6. Nxc6 bxc6 7. g3 Ne7 8.
Bg2 O-O 9. O-O d6 10. Bd2 Be6 11. Bg5 Bxc4 12. Bxc6 Rb8 13. Qa4 Be6 14. Rab1 h6
15. Bxe7 Qxe7 16. Qxa7 Rb6 17. Bf3 Rfb8 18. Rbc1 Rxb2 19. Nd1 Rxa2 20. Qxb8+
1-0

[Event "ICS rated blitz match"]
[Site "204.178.125.65"]
[Date "2000.05.05"]
[Round "?"]
[White "Bongo"]
[Black "Hossa"]
[Result "1/2-1/2"]
[WhiteElo "2155"]
[BlackElo "2544"]
[PlyCount "204"]
[EventDate "2000.??.??"]

1. e4 d5 2. exd5 Nf6 3. d4 Bg4 4. f3 Bf5 5. c4 b5 6. g4 Bxb1 7. Rxb1 bxc4 8.
Bxc4 Nxd5 9. Qa4+ c6 10. Ne2 Nb6 11. Qb3 Nxc4 12. Qxc4 Qd5 13. Qxd5 cxd5 14.
Be3 Nc6 15. Kf2 h5 16. h3 Nb4 17. a3 Nd3+ 18. Kg3 h4+ 19. Kg2 Rc8 20. Rhd1 Rc2
21. Rd2 Rxd2 22. Bxd2 Kd7 23. b4 e5 24. Rb3 e4 25. fxe4 dxe4 26. Nc3 e3 27.
Bxe3 Ne1+ 28. Kf2 Nc2 29. Ne4 Kd8 30. Ng5 Ke8 31. Rc3 Nxe3 32. Kxe3 f6 33. Ne6
Kd7 34. Nxf8+ Rxf8 35. d5 Rc8 36. Rxc8 Kxc8 37. a4 Kd7 38. b5 Kd6 39. Kd4 f5
40. gxf5 Kc7 41. a5 Kd6 42. b6 a6 43. Ke4 Kd7 44. Ke5 Kd8 45. Kd6 Kc8 46. Ke6
Kb7 47. Kf7 Kc8 48. Kxg7 Kd7 49. f6 Kd6 50. b7 Kc7 51. f7 Kd6 52. b8=Q+ Kxd5
53. f8=N Ke4 54. Kg6 Kd5 55. Kh5 Kc6 56. Kxh4 Kd5 57. Kg5 Kc6 58. h4 Kd5 59. h5
Kc6 60. h6 Kd5 61. h7 Kd4 62. h8=N Kd5 63. Qb6 Kc4 64. Qxa6+ Kd4 65. Qb6+ Kc4
66. a6 Kd5 67. a7 Kc4 68. a8=N Kd5 69. Qc5+ Kxc5 70. Nc7 Kd6 71. Nfe6 Ke5 72.
Ng6+ Ke4 73. Ne8 Kd5 74. N8g7 Ke4 75. Ne7 Ke5 76. Nd8 Ke4 77. Ndc6 Kd3 78. Ne6
Kc3 79. Kf4 Kd3 80. Nd5 Kc4 81. Ne3+ Kb5 82. Ned4+ Kb6 83. Ke5 Kc5 84. Nd5 Kc4
85. Nce7 Kd3 86. Nef5 Kc4 87. Nfe3+ Kd3 88. Ndf5 Kd2 89. Ke4 Kc1 90. Kd3 Kb2
91. Nd4 Ka3 92. Kc3 Ka4 93. Nec2 Ka5 94. Kc4 Ka6 95. Kc5 Kb7 96. Kd6 Ka6 97.
Na3 Kb7 98. Kd7 Ka7 99. Kc6 Kb8 100. Ndb5 Kc8 101. Nb6+ Kd8 102. Nd6 Ke7
1/2-1/2

[Event "ICS rated blitz match"]
[Site "204.178.125.65"]
[Date "2000.05.06"]
[Round "?"]
[White "flytox"]
[Black "Hossa"]
[Result "0-1"]
[WhiteElo "2130"]
[BlackElo "2534"]
[PlyCount "56"]
[EventDate "2000.??.??"]

1. e4 d5 2. exd5 Nf6 3. d4 Bg4 4. Nf3 Qxd5 5. Be2 Nc6 6. Be3 O-O-O 7. O-O Bxf3
8. Bxf3 Qd6 9. c3 e5 10. Qa4 exd4 11. cxd4 Nxd4 12. Qxa7 Nxf3+ 13. gxf3 Qb4 14.
Nc3 Bd6 15. Rfc1 Qh4 16. f4 Qg4+ 17. Kf1 Qh3+ 18. Ke1 Qxh2 19. Na4 Bb4+ 20. Ke2
Qh5+ 21. Kf1 Nd5 22. Qa8+ Kd7 23. Qxb7 Qh1+ 24. Ke2 Nxf4+ 25. Bxf4 Rhe8+ 26.
Be3 Qxb7 27. Nc5+ Bxc5 28. Rxc5 Qxb2+ {flytox resigns} 0-1

[Event "ICS rated blitz match"]
[Site "204.178.125.65"]
[Date "2000.05.06"]
[Round "?"]
[White "Hossa"]
[Black "flytox"]
[Result "1-0"]
[WhiteElo "2537"]
[BlackElo "2127"]
[PlyCount "53"]
[EventDate "2000.??.??"]

1. e4 e6 2. d4 d5 3. Nc3 Nf6 4. Bg5 dxe4 5. Nxe4 Be7 6. Bxf6 gxf6 7. Nf3 f5 8.
Nc3 Bf6 9. Qd2 c5 10. d5 O-O 11. O-O-O e5 12. h4 Nd7 13. Bb5 a6 14. Bxd7 Bxd7
15. Ng5 b5 16. Kb1 b4 17. Ne2 Qb6 18. Ng3 c4 19. Nh5 Bh8 20. Nh3 Rfb8 21. Rhf1
c3 22. Qg5+ Kf8 23. d6 Ra7 24. Qh6+ Kg8 25. Ng5 Be6 26. Qxh7+ Kf8 27. Qxh8# {
flytox checkmated} 1-0

[Event "ICS rated blitz match"]
[Site "204.178.125.65"]
[Date "2000.05.06"]
[Round "?"]
[White "Vanhelgi"]
[Black "Hossa"]
[Result "1/2-1/2"]
[WhiteElo "2316"]
[BlackElo "2540"]
[PlyCount "64"]
[EventDate "2000.??.??"]

1. e4 e5 2. Nf3 Nc6 3. Bb5 a6 4. Bxc6 dxc6 5. O-O f6 6. d4 exd4 7. Nxd4 c5 8.
Nb3 Qxd1 9. Rxd1 Bg4 10. f3 Be6 11. Be3 b6 12. Nc3 Bd6 13. a4 Be5 14. a5 Bxc3
15. bxc3 Bc4 16. axb6 cxb6 17. Rd6 Rb8 18. Bf4 a5 19. Rb1 Bxb3 20. cxb3 Rb7 21.
Rbd1 g5 22. Bg3 Kf7 23. Rd8 h6 24. R1d7+ Rxd7 25. Rxd7+ Ne7 26. Bd6 Ke6 27.
Rxe7+ Kxd6 28. Rf7 c4 29. Rxf6+ Kc5 30. Rf5+ Kc6 31. Rf6+ Kc5 32. Rf5+ Kc6
1/2-1/2

[Event "ICS rated blitz match"]
[Site "204.178.125.65"]
[Date "2000.05.06"]
[Round "?"]
[White "occam"]
[Black "Hossa"]
[Result "1-0"]
[WhiteElo "2325"]
[BlackElo "2531"]
[PlyCount "115"]
[EventDate "2000.??.??"]

1. e4 e5 2. Nf3 Nc6 3. Bb5 a6 4. Ba4 Nf6 5. Bxc6 dxc6 6. O-O Bg4 7. h3 Bxf3 8.
Qxf3 Be7 9. Qg3 Bd6 10. Qxg7 Rg8 11. Qh6 Nxe4 12. Qxh7 Nf6 13. Qf5 Qe7 14. Re1
Nd7 15. d4 O-O-O 16. dxe5 Bxe5 17. Nc3 f6 18. Qe4 Nc5 19. Qc4 Qg7 20. g4 Bd4
21. Be3 Bxc3 22. Qxc3 Ne4 23. Qc4 Rge8 24. Rad1 Rxd1 25. Rxd1 Qh7 26. Qd3 Qf7
27. Qb3 Qh7 28. Kg2 f5 29. g5 Kb8 30. Qe6 Qh5 31. g6 Rh8 32. Rh1 Rd8 33. c3 Nd6
34. g7 Qh7 35. Bh6 Re8 36. Qf6 Qg8 37. Ra1 b6 38. Rd1 Kb7 39. a3 Qc4 40. Qf8
Qe6 41. Bf4 Ne4 42. Qh8 Qc8 43. Qh6 Re7 44. Qh7 Nf6 45. Qg6 Ng8 46. Bg5 Re8 47.
Kf3 c5 48. Rd5 f4 49. Qf5 Qb8 50. Rd7 Ka7 51. Qxf4 Kb7 52. Kg3 Kc6 53. Qd2 Qc8
54. Qd5+ Kb5 55. c4+ Ka5 56. Qd2+ Ka4 57. Qd1+ Ka5 58. Bd2# {Hossa checkmated}
1-0

[Event "ICS rated blitz match"]
[Site "204.178.125.65"]
[Date "2000.05.06"]
[Round "?"]
[White "cfd"]
[Black "Hossa"]
[Result "0-1"]
[WhiteElo "2222"]
[BlackElo "2511"]
[PlyCount "60"]
[EventDate "2000.??.??"]

1. d4 Nf6 2. e3 g6 3. Nf3 Bg7 4. b4 O-O 5. Bb2 d5 6. Nbd2 Nbd7 7. c4 dxc4 8.
Bxc4 Nb6 9. Bb3 Nbd5 10. a3 Bf5 11. O-O a5 12. b5 Bd3 13. Re1 Bxb5 14. e4 Nf4
15. Ne5 a4 16. Bc4 Bxc4 17. Ndxc4 Nd7 18. Nxd7 Qxd7 19. g3 Nh3+ 20. Kg2 Ng5 21.
f4 Nxe4 22. Rxe4 Qd5 23. Qe2 f5 24. Re1 fxe4 25. Ne3 Qb3 26. Qc4+ Qxc4 27. Nxc4
b5 28. Ne5 Bxe5 29. fxe5 Rad8 30. Rxe4 c5 {cfd resigns} 0-1

[Event "ICS Rated standard match"]
[Site "204.178.125.65"]
[Date "2000.05.06"]
[Round "?"]
[White "Hossa"]
[Black "omast"]
[Result "1-0"]
[WhiteElo "2347"]
[BlackElo "2216"]
[PlyCount "22"]
[EventDate "2000.??.??"]

1. e4 e5 2. Nf3 Nc6 3. Nc3 Nf6 4. Nxe5 Nxe5 5. d4 Nc6 6. d5 Ne5 7. f4 Ng6 8. e5
Ng8 9. d6 cxd6 10. exd6 Qf6 11. Nb5 Bxd6 {omast resigns} 1-0

[Event "ICS rated blitz match"]
[Site "204.178.125.65"]
[Date "2000.05.06"]
[Round "?"]
[White "Hossa"]
[Black "cfd"]
[Result "0-1"]
[WhiteElo "2516"]
[BlackElo "2239"]
[PlyCount "128"]
[EventDate "2000.??.??"]

1. e4 d6 2. d4 e5 3. Nf3 Nd7 4. Nc3 Be7 5. Bb5 c6 6. Be2 Ngf6 7. O-O O-O 8.
dxe5 dxe5 9. a3 Qc7 10. Bd2 Nc5 11. Ng5 h6 12. b4 hxg5 13. bxc5 Nd7 14. Qc1
Nxc5 15. Bxg5 Bxg5 16. Qxg5 Be6 17. Rad1 Rfd8 18. Qh5 f6 19. Rxd8+ Rxd8 20. Rd1
Rxd1+ 21. Bxd1 Bf7 22. Qh3 Be6 23. Qh5 Qd7 24. Be2 b5 25. Qg6 Bf7 26. Qg4 Qxg4
27. Bxg4 Kf8 28. Bf3 Ke7 29. h4 Kd6 30. Kh2 Ne6 31. Ne2 Kc5 32. Bg4 Nd4 33.
Nxd4 Kxd4 34. Bd7 Kc3 35. Bxc6 Bc4 36. a4 b4 37. Bd5 Be2 38. Bb3 Bd1 39. g4
Bxc2 40. Bd5 b3 41. Bxb3 Kxb3 42. f3 Kxa4 43. g5 Bb3 44. gxf6 gxf6 45. h5 Bf7
46. h6 Bg6 47. Kg3 Kb4 48. Kg4 a5 49. f4 exf4 50. Kxf4 a4 51. e5 fxe5+ 52. Kg5
Bd3 53. Kf6 a3 54. Kxe5 a2 55. Kd4 Bh7 56. Ke3 a1=Q 57. Kf4 Qf6+ 58. Ke3 Qxh6+
59. Kf3 Qh4 60. Kg2 Kc3 61. Kf3 Kd3 62. Kg2 Ke3 63. Kg1 Kf3 64. Kf1 Qh1# {
Hossa checkmated} 0-1

[Event "ICS rated blitz match"]
[Site "204.178.125.65"]
[Date "2000.05.06"]
[Round "?"]
[White "Hossa"]
[Black "cfd"]
[Result "1-0"]
[WhiteElo "2494"]
[BlackElo "2232"]
[PlyCount "87"]
[EventDate "2000.??.??"]

1. e4 d6 2. d4 e5 3. Nf3 Nd7 4. Nc3 Be7 5. Bb5 c6 6. Be2 Ngf6 7. O-O O-O 8.
dxe5 dxe5 9. a3 Qc7 10. Bd2 Nc5 11. Ng5 h6 12. b4 hxg5 13. bxc5 Nd7 14. Qc1
Nxc5 15. Bxg5 Bxg5 16. Qxg5 Be6 17. Rad1 Rfd8 18. Qh5 b5 19. Qg5 a5 20. Rxd8+
Rxd8 21. Rb1 f6 22. Qe3 Qe7 23. Bh5 Rd4 24. Bg6 Bf7 25. Bf5 g6 26. Qg3 Kg7 27.
Re1 Be6 28. Qxg6+ Kf8 29. Qh6+ Qg7 30. Qxg7+ Kxg7 31. Bxe6 Nxe6 32. Nb1 Nc5 33.
f3 b4 34. c3 bxc3 35. Nxc3 Rd3 36. Nb1 Nb3 37. Kf2 c5 38. Re3 Nc1 39. Rxd3
Nxd3+ 40. Ke2 Nb2 41. Kd2 Na4 42. Kd3 Nb6 43. Nd2 Kg6 44. Nc4 {cfd resigns} 1-0

[Event "ICS rated blitz match"]
[Site "204.178.125.65"]
[Date "2000.05.06"]
[Round "?"]
[White "cfd"]
[Black "Hossa"]
[Result "0-1"]
[WhiteElo "2226"]
[BlackElo "2500"]
[PlyCount "62"]
[EventDate "2000.??.??"]

1. d4 Nf6 2. e3 g6 3. f4 Bg7 4. Nf3 O-O 5. Bd3 d5 6. O-O Bg4 7. Nbd2 Re8 8. h3
Bc8 9. Ne5 Nbd7 10. Qf3 Rf8 11. g4 c6 12. g5 Ne8 13. h4 f6 14. Ng4 Nd6 15. gxf6
exf6 16. h5 gxh5 17. Nf2 f5 18. Qxh5 Rf6 19. Nh3 Rh6 20. Qf3 Qh4 21. Kg2 Ne4
22. Bxe4 dxe4 23. Qg3 Rg6 24. Ng5 Qxg3+ 25. Kxg3 h6 26. Kh4 Nf6 27. c4 hxg5+
28. fxg5 Nh7 29. Rg1 Bh6 30. Kh5 Rxg5+ 31. Rxg5+ Bxg5 {cfd resigns} 0-1

[Event "ICS rated blitz match"]
[Site "204.178.125.65"]
[Date "2000.05.06"]
[Round "?"]
[White "Hossa"]
[Black "cfd"]
[Result "1-0"]
[WhiteElo "2505"]
[BlackElo "2221"]
[PlyCount "65"]
[EventDate "2000.??.??"]

1. e4 d6 2. d4 e5 3. Nf3 Nd7 4. Nc3 Be7 5. Bb5 c6 6. Be2 Ngf6 7. O-O O-O 8.
dxe5 dxe5 9. a3 Qc7 10. Bd2 Nc5 11. Ng5 h6 12. b4 hxg5 13. bxc5 Nd7 14. Qc1
Nxc5 15. Bxg5 Bxg5 16. Qxg5 Be6 17. Rad1 Rfd8 18. Qh5 b5 19. Qg5 f6 20. Qe3 Qb6
21. Bh5 Bf7 22. Bxf7+ Kxf7 23. Rxd8 Rxd8 24. g3 Ne6 25. Qc1 Qd4 26. Qb2 Qc4 27.
Qb3 Qxb3 28. cxb3 Rd3 29. Rc1 Nd4 30. Kf1 Rd2 31. b4 Ke6 32. Nb1 g5 33. Nxd2 {
cfd resigns} 1-0

[Event "ICS rated standard match"]
[Site "204.178.125.65"]
[Date "2000.05.06"]
[Round "?"]
[White "Gregorio"]
[Black "Hossa"]
[Result "1-0"]
[WhiteElo "2582"]
[BlackElo "2348"]
[PlyCount "71"]
[EventDate "2000.??.??"]

1. d4 Nf6 2. c4 e6 3. Nf3 b6 4. a3 Bb7 5. Nc3 d5 6. cxd5 Nxd5 7. Qc2 Nxc3 8.
Qxc3 Nd7 9. Bg5 f6 10. Bh4 c5 11. e3 Bxf3 12. gxf3 cxd4 13. Qxd4 Rc8 14. Rd1
Rc5 15. Qe4 Be7 16. Qxe6 Re5 17. Qb3 b5 18. Bg3 Qa5+ 19. Ke2 Rh5 20. Rxd7 Kxd7
21. Qf7 Qa4 22. b3 Qxa3 23. Bh3+ Kc6 24. Rd1 Re5 25. Bxe5 fxe5 26. Qe6+ Bd6 27.
Qd7+ Kb6 28. Rxd6+ Ka5 29. Qxa7+ Kb4 30. Qe7 Qa7 31. Rd4+ Kc3 32. Qb4+ Kb2 33.
Rd2+ Kb1 34. Bf5+ e4 35. Bxe4+ Ka1 36. Qc3# {Hossa checkmated} 1-0

[Event "ICS rated blitz match"]
[Site "204.178.125.65"]
[Date "2000.05.06"]
[Round "?"]
[White "Hossa"]
[Black "ouied"]
[Result "0-1"]
[WhiteElo "2510"]
[BlackElo "2208"]
[PlyCount "128"]
[EventDate "2000.??.??"]

1. e4 c5 2. Nf3 d6 3. d4 cxd4 4. Nxd4 Nf6 5. Nc3 Nc6 6. Be3 e6 7. Bb5 Bd7 8.
Ba4 Be7 9. Ndb5 Qa5 10. O-O Ne5 11. b4 Qxb4 12. Nc7+ Kf8 13. Bxd7 Qxc3 14. Nxa8
Nexd7 15. Qd4 Qxd4 16. Bxd4 Nxe4 17. Bxa7 Bf6 18. Rab1 Ke7 19. Nb6 Ndc5 20. Nc4
Ra8 21. Bxc5 Nxc5 22. Rfd1 d5 23. Rb5 Ne4 24. Rxb7+ Kf8 25. Nb6 Rxa2 26. Nd7+
Ke8 27. Nxf6+ gxf6 28. Rc7 Nd6 29. Rb1 Kd8 30. Rc6 Nc4 31. Rc1 f5 32. Rc5 f4
33. Rb5 Ke7 34. Rb8 Kf6 35. Rg8 Nd2 36. Rg4 e5 37. Rh4 Kg7 38. Rh3 Ne4 39. Rb3
d4 40. Rb5 Kf6 41. Rb6+ Kg5 42. h4+ Kxh4 43. Re1 f5 44. f3 Ng3 45. Rc6 e4 46.
Rc4 Kg5 47. Rxd4 Rxc2 48. Rd7 h5 49. Rg7+ Kh4 50. fxe4 fxe4 51. Kh2 e3 52. Ra1
Rf2 53. Kg1 Ne2+ 54. Kh2 Nd4 55. Kg1 Nf5 56. Rf7 Nh6 57. Rh7 Ng4 58. Kh1 e2 59.
Kg1 Kg3 60. Rg7 Rxg2+ 61. Kh1 Kf2 62. Rxg4 Rxg4 63. Ra3 Rh4+ 64. Rh3 Rxh3# {
Hossa checkmated} 0-1

[Event "ICS rated standard match"]
[Site "204.178.125.65"]
[Date "2000.05.06"]
[Round "?"]
[White "Hossa"]
[Black "Zec46"]
[Result "1-0"]
[WhiteElo "2341"]
[BlackElo "2080"]
[PlyCount "57"]
[EventDate "2000.??.??"]

1. e4 e6 2. d4 d5 3. Nc3 Nf6 4. Bg5 Bb4 5. e5 h6 6. Bd2 Bxc3 7. bxc3 Ne4 8. Nf3
Bd7 9. Rb1 b6 10. c4 Nxd2 11. Nxd2 Bc6 12. Be2 O-O 13. O-O Qd7 14. Nb3 Rd8 15.
cxd5 Qxd5 16. Bf3 Qc4 17. Re1 Bxf3 18. Qxf3 Nd7 19. c3 Nf8 20. Rb2 Ng6 21. Rc2
Nh4 22. Qe4 Nf5 23. Nd2 Qa4 24. Rb1 Nxd4 25. Rcb2 c5 26. Rc1 Qa3 27. Nc4 Qa4
28. cxd4 Rac8 29. Nd6 {Zec46 resigns} 1-0